|
|
|
|
| LEADER |
00930cam a2200361 7i4500 |
| 001 |
0000027978 |
| 005 |
20121226090000.0 |
| 020 |
0 |
0 |
|a 9781907128097
|
| 090 |
0 |
0 |
|a EURO 338.7025
|b EUR
|
| 245 |
0 |
0 |
|a Europe's 15,000 largest companies 2012.
|
| 260 |
0 |
0 |
|a Oxford:
|b ELC International,
|c 2012.
|
| 300 |
# |
# |
|a 1324 p.
|
| 650 |
0 |
0 |
|a Corporations --
|x Directories --
|z Europe
|
| 650 |
0 |
0 |
|a Business --
|x Directories --
|z Europe
|
| 651 |
0 |
0 |
|a Luxembourg
|
| 651 |
0 |
0 |
|a Portugal
|
| 651 |
0 |
0 |
|a Ireland
|
| 651 |
0 |
0 |
|a Belgium
|
| 651 |
0 |
0 |
|a France
|
| 651 |
0 |
0 |
|a Greece
|
| 651 |
0 |
0 |
|a Italy
|
| 651 |
0 |
0 |
|a United Kingdom
|
| 651 |
0 |
0 |
|a Spain
|
| 651 |
0 |
0 |
|a Sweden
|
| 651 |
0 |
0 |
|a Denmark
|
| 651 |
0 |
0 |
|a Europe
|
| 651 |
0 |
0 |
|a Switzerland
|
| 651 |
0 |
0 |
|a Finland
|
| 651 |
0 |
0 |
|a Norway
|
| 651 |
0 |
0 |
|a Germany
|
| 651 |
0 |
0 |
|a Austria
|
| 651 |
0 |
0 |
|a Netherlands
|
| 999 |
|
|
|a B000030858
|b Directories
|c Regions
|e Business Information Centre
|